Microsoft Office 2000 toàn tập

Shranjeno v:
Bibliografske podrobnosti
Glavni avtor: Nguyễn Hữu Việt Hưng
Format: Knjiga
Jezik:Undetermined
Izdano: Hà Nội Thống Kê 2000
Teme:
Oznake: Označite
Brez oznak, prvi označite!
Thư viện lưu trữ: Trung tâm Học liệu Trường Đại học Cần Thơ
LEADER 00563nam a2200193Ia 4500
001 CTU_41527
008 210402s9999 xx 000 0 und d
020 |b 68.000đ 
082 |a 005.3 
082 |b M619 
100 |a Nguyễn Hữu Việt Hưng 
245 0 |a Microsoft Office 2000 toàn tập 
245 0 |c Nguyễn Hữu Việt Hưng 
260 |a Hà Nội 
260 |b Thống Kê 
260 |c 2000 
650 |a office ( computer programas ) 
904 |i Minh, 010524 
980 |a Trung tâm Học liệu Trường Đại học Cần Thơ